Top 50 Most Populous Cites in Michigan - Statistics

General Stats
  • This quiz has been taken 24 times
  • The average score is 19 of 50
Answer Stats
Hint Answer % Correct
#1 Detroit
94%
#6 Lansing
94%
#2 Grand Rapids
83%
#5 Ann Arbor
78%
#16 Flint
78%
#7 Dearborn
67%
#20 Kalamazoo
67%
#24 Pontiac
67%
#41 Saginaw
67%
#43 Saginaw Charter Township
67%
#34 East Lansing
61%
#49 Muskegon
61%
#4 Sterling Heights
61%
#3 Warren
61%
#11 Livonia
56%
#32 Battle Creek
50%
#22 Novi
50%
#18 Rochester Hills
50%
#12 Troy
50%
#14 Farmington Hills
44%
#42 Midland
44%
#17 Wyoming
44%
#26 Dearborn Heights
33%
#28 Royal Oak
33%
#19 Southfield
33%
#30 Ypsilanti
33%
#44 Holland
28%
#31 Kentwood
28%
#39 Bloomfield
22%
#9 Canton
22%
#8 Clinton
22%
#10 Macomb
22%
#27 Saint Clair Shores
22%
#45 Grand Blanc
17%
#33 Portage
17%
#25 Taylor
17%
#13 Westland
17%
#37 Chesterfield
11%
#35 Redford
11%
#36 Roseville
11%
#15 Shelby
11%
#21 Waterford
11%
#23 West Bloomfield
11%
#40 Commerce
6%
#47 Lincoln Park
6%
#38 Meridian
6%
#48 Orion
6%
#46 Pittsfield
6%
#29 Georgetown
0%
#50 Independence
0%
No matching quizzes found
Score Distribution
Percent of People with Each Score
Percentile by Number Answered
Your Score History
You have not taken this quiz